<The> Conditional Cash Transfer Programmes as a Social Policy Instrument of Latin American Countries in the Fight Against the Income Inequality
Salvato in:
| Autore principale: | |
|---|---|
| Natura: | Capitolo di libro |
| Lingua: | inglese |
| Soggetti: | |
| Tags: |
Nessun Tag, puoi essere il primo ad aggiungerne!!
|
MARC
| LEADER | 00000nla a2200000 4500 | ||
|---|---|---|---|
| 001 | 0214024 | ||
| 005 | 20240502073555.8 | ||
| 041 | 0 | |a eng | |
| 044 | |a SK | ||
| 245 | 1 | 0 | |a <The> Conditional Cash Transfer Programmes as a Social Policy Instrument of Latin American Countries in the Fight Against the Income Inequality |c Barbora Janubová |
| 610 | 2 | 0 | |a Latinská Amerika |
| 610 | 2 | 0 | |a rast hospodársky |
| 610 | 2 | 0 | |a chudoba |
| 610 | 2 | 0 | |a regióny |
| 610 | 2 | 0 | |a nerovnosť dôchodková |
| 610 | 2 | 0 | |a príjmy domácností |
| 100 | 1 | |a Janubová, Barbora, 1991- | |